| 000 | 00990nam a22002417a 4500 | ||
|---|---|---|---|
| 003 | OSt | ||
| 005 | 20260210091954.0 | ||
| 008 | 240921b ||||| |||| 00| 0 eng d | ||
| 040 | _c0 | ||
| 082 | _aDPer 372.05 El262 March-June 2023 v. 123 n. 3-4 | ||
| 100 |
_aKuzmina, Yulia. _eauthor. _961359 |
||
| 245 |
_aAcademic achievement of first graders with inattentiveness and hyperactivity in classes with various academic compositions / _cYulia Kuzmina, Alina Ivanova, and Ilya Denisov. |
||
| 260 |
_aChicago,USA ; _bUniversity of Chicago Press , _cJune 2023. |
||
| 300 |
_aVolume 123, pages 538-562 : _billustration ; _c26 cm. |
||
| 500 | _aThe Elementary School Journal, vol. 123, no. 4, pages 538-562, June 2023. | ||
| 650 | 0 |
_aAcademic achievement. _941482 |
|
| 650 | 0 |
_aAttention span. _965020 |
|
| 650 | 0 |
_aGrade 1. _965021 |
|
| 700 |
_aKuzmina, Yulia. _eauthor. _961359 |
||
| 700 |
_aIvanova, Alina. _eauthor. _961360 |
||
| 700 |
_aDenisov, Ilya. _eauthor. _961361 |
||
| 942 |
_2ddc _cPER |
||
| 999 |
_c21750 _d21750 |
||